|
|
|
|
| LEADER |
03148nam a22004815i 4500 |
| 001 |
978-3-319-46568-5 |
| 003 |
DE-He213 |
| 005 |
20160922141757.0 |
| 007 |
cr nn 008mamaa |
| 008 |
160922s2017 gw | s |||| 0|eng d |
| 020 |
|
|
|a 9783319465685
|9 978-3-319-46568-5
|
| 024 |
7 |
|
|a 10.1007/978-3-319-46568-5
|2 doi
|
| 040 |
|
|
|d GrThAP
|
| 050 |
|
4 |
|a Q342
|
| 072 |
|
7 |
|a UYQ
|2 bicssc
|
| 072 |
|
7 |
|a COM004000
|2 bisacsh
|
| 082 |
0 |
4 |
|a 006.3
|2 23
|
| 245 |
1 |
0 |
|a Europe and MENA Cooperation Advances in Information and Communication Technologies
|h [electronic resource] /
|c edited by Álvaro Rocha, Mohammed Serrhini, Carlos Felgueiras.
|
| 264 |
|
1 |
|a Cham :
|b Springer International Publishing :
|b Imprint: Springer,
|c 2017.
|
| 300 |
|
|
|a XVI, 569 p. 217 illus.
|b online resource.
|
| 336 |
|
|
|a text
|b txt
|2 rdacontent
|
| 337 |
|
|
|a computer
|b c
|2 rdamedia
|
| 338 |
|
|
|a online resource
|b cr
|2 rdacarrier
|
| 347 |
|
|
|a text file
|b PDF
|2 rda
|
| 490 |
1 |
|
|a Advances in Intelligent Systems and Computing,
|x 2194-5357 ;
|v 520
|
| 505 |
0 |
|
|a Part I Educational Technology -- Part II Artificial Intelligence in Education -- Part III Network & Web Technologies Applications -- Part IV Security, Privacy & Data Forensic.
|
| 520 |
|
|
|a This book contains a selection of articles from The Europe, Middle East and North Africa Conference on Technology and Security to Support Learning 2016 (EMENA-TSSL'16), held between the 3th and 5th of October at Saidia, Oujda, Morocco. EMENA-TSSL'16 is a global forum for researchers and practitioners to present and discuss recent results and innovations, current trends, professional experiences and challenges in Information & Communication Technologies, and Security to support Learning. The main topics covered are: A) Online Education; B) Emerging Technologies in Education; C) Artificial Intelligence in Education; D) Gamification and Serious games; E) Network & Web Technologies Applications; F) Online experimentation and Virtual Laboratories; G) Multimedia Systems and Applications; H) Security and Privacy; I) Multimedia, Computer Vision and Image Processing; J) Cloud, Big Data Analytics and Applications; K) Human-Computer Interaction; L) Software Systems, Architectures, Applications and Tools; M) Online Languages and Natural Language Processing N) E-content Development, Assessment and Plagiarism; O) Secure E-Learning Development and Auditing; P) Internet of Things and Wireless Sensor Networks.
|
| 650 |
|
0 |
|a Engineering.
|
| 650 |
|
0 |
|a Artificial intelligence.
|
| 650 |
|
0 |
|a Computational intelligence.
|
| 650 |
1 |
4 |
|a Engineering.
|
| 650 |
2 |
4 |
|a Computational Intelligence.
|
| 650 |
2 |
4 |
|a Artificial Intelligence (incl. Robotics).
|
| 700 |
1 |
|
|a Rocha, Álvaro.
|e editor.
|
| 700 |
1 |
|
|a Serrhini, Mohammed.
|e editor.
|
| 700 |
1 |
|
|a Felgueiras, Carlos.
|e editor.
|
| 710 |
2 |
|
|a SpringerLink (Online service)
|
| 773 |
0 |
|
|t Springer eBooks
|
| 776 |
0 |
8 |
|i Printed edition:
|z 9783319465678
|
| 830 |
|
0 |
|a Advances in Intelligent Systems and Computing,
|x 2194-5357 ;
|v 520
|
| 856 |
4 |
0 |
|u http://dx.doi.org/10.1007/978-3-319-46568-5
|z Full Text via HEAL-Link
|
| 912 |
|
|
|a ZDB-2-ENG
|
| 950 |
|
|
|a Engineering (Springer-11647)
|